Google Products logos - Statistics

General Stats
  • This quiz has been taken 29 times
  • The average score is 17 of 30
Answer Stats
Picture Answer % Correct
Android
100%
Chrome
100%
Maps
100%
YouTube
100%
Gmail
96%
Drive
89%
Translate
89%
YouTube Kids
86%
Calendar
79%
Gemini
79%
Classroom
75%
Docs
75%
YouTube Music
64%
Play Store
61%
Sheets
61%
Earth
57%
Meet
57%
YouTube Shorts
57%
Slides
54%
Waze
46%
Chat
39%
Forms
36%
YouTube Studio
25%
Keep
18%
Sites
18%
Android Auto
11%
Drawings
7%
Play Games
7%
Vids
7%
My Maps
4%
No matching quizzes found
Score Distribution
Percent of People with Each Score
Percentile by Number Answered
Your Score History
You have not taken this quiz